| 000 | 01453nam a22002297a 4500 | ||
|---|---|---|---|
| 999 |
_c57378 _d57378 |
||
| 003 | Ge_BSU | ||
| 005 | 20200611155804.0 | ||
| 008 | 200611s2014 ge ||||| |||| 00| 0 geo d | ||
| 020 | _a9789941071171 | ||
| 041 | _ageo | ||
| 080 | _a616.314 თ-77 | ||
| 100 |
_aთოდუა, ლ. _98369 |
||
| 245 |
_aოფთალმოპათოლოგია თანხვედრილი ზოგიერთ სტომატოლოგიურ დაავადებებთან და თანდაყოლილ ანომალიებთან : _b (გათვალისწინებულია სტომატოლ. ფაკ-ტის სტუდენტებისათვის) / _c ლ. თოდუა, ნ. ნიკურაძე ; თბილ. სახელმწ. სამედ. უნ-ტი, თვალის სნეულებათა დეპარტამენტი. |
||
| 264 |
_aთბილისი, _c2014. |
||
| 300 |
_a6 გვ. : _bსურ. ; _c20 სმ. |
||
| 653 | _aმედიცინა | ||
| 653 | _aსტომატოლოგიური დაავადებები | ||
| 653 | _aთვალის დაავადებები | ||
| 700 |
_aნიკურაძე, ნ. _eავტორი _98370 |
||
| 710 |
_aთსსუ. _bთვალის სნეულებათა დეპარტამენტი _98371 |
||
| 942 |
_2udc _cBK |
||